000 00302nam a22001337a 4500
008 180924b xxu||||| |||| 00| 0 eng d
020 _a9780521795104
041 _aeng
080 _a343.9
100 _a13
101 _aKRI
245 _aThe Criminal Recidivism Process
_cZamble, E
942 _2udc
_cBK
999 _c48396
_d48396